[Event "Bundesliga 9798"]
[Site "Germany"]
[Date "1997.10.18"]
[Round "1.1"]
[White "Dautov, Rustem"]
[Black "Ftacnik, Lubomir"]
[Result "1/2-1/2"]
[WhiteElo "2595"]
[BlackElo "2585"]
[Annotator "Dautov,R"]
[PlyCount "81"]
[EventDate "1997.10.18"]
[EventType "team-tourn"]
[EventRounds "15"]
[EventCountry "GER"]
[SourceTitle "CBM 062"]
[Source "ChessBase"]
[SourceDate "1998.01.31"]
[SourceVersion "1"]
[SourceVersionDate "1998.01.31"]
[SourceQuality "1"]
[WhiteTeam "St Ingbert"]
[BlackTeam "Hamburger SK"]
[WhiteTeamCountry "GER"]
[BlackTeamCountry "GER"]

1. d4 Nf6 2. c4 g6 3. Nc3 d5 4. cxd5 Nxd5 5. e4 Nxc3 6. bxc3 Bg7 7. Be3 c5 8.
Qd2 Qa5 9. Rb1 b6 10. Bb5+ Bd7 11. Be2 O-O 12. Nf3 (12. Rc1) 12... cxd4 (12...
Bc6 13. Bd3 Rd8 14. Ke2 e6 15. h4 cxd4 16. cxd4 Qxd2+ 17. Kxd2 Bb7 18. Rhc1 Nc6
19. Rc4 Bf8 20. Bg5 Rdc8 21. Bf6 b5 $132 {Itkis,B-Notkin,M/Ciocaltea Memorial
1997/CBM 60}) (12... Nc6 13. Rc1) 13. cxd4 Nc6 14. Qxa5 $146 (14. Rc1 Rac8 $1 (
14... Qxd2+ 15. Kxd2 e6 16. Bb5 Rac8 17. a4 Rfd8 18. Bg5 f6 19. Be3 Nb8 20. Ke2
$14 {Karpov,A-Gulko,B/Moscow 1992}) (14... Rfc8 15. Qxa5 Nxa5 16. Kd2 b5 17.
Rxc8+ Rxc8 18. Rc1 Nc4+ (18... Rxc1 19. Kxc1 $14) 19. Bxc4 bxc4 20. Kc3 e6 21.
Nd2 Bb5 22. Rb1 a6 23. e5 f5 24. exf6 Bxf6 25. Ne4 Be7 26. f3 Bd8 (26... Rd8
27. Bg5 $14) 27. Nc5 Ba5+ 28. Kc2 {Piskov,Y-Dvoirys,S/Helsinki op 1992}) 15.
Qxa5 (15. d5 $2 Nb4) 15... Nxa5 {-14.Qxa5}) 14... Nxa5 15. Rc1 (15. Kd2 f5 16.
exf5 Bxf5 17. Rbc1 Be6 18. Rc2 Rac8 19. Rhc1 Rxc2+ 20. Rxc2 Rc8 $11) (15. O-O
Rac8 16. Rfc1 Rxc1+ 17. Rxc1 Rc8 18. Rxc8+ Bxc8 $11) 15... Rac8 16. Kd2 f5 $1
17. exf5 Bxf5 (17... gxf5 $5 18. Bg5 $13) 18. Ba6 Rcd8 19. Ke2 Be6 $1 (19...
Bg4 20. Rhd1 $14 {/\Rc7} Rd7 $2 21. Bc8 Bxf3+ 22. gxf3 Rd6 23. d5 $16) 20. Rc2
(20. Rc7 Bxa2 21. Rxa7 Bd5 $11) 20... Bd5 21. Rhc1 Rd6 $1 (21... Bxf3+ $6 22.
gxf3 Bxd4 23. Rc7 $14 {פa5}) 22. Rc7 (22. Ne5 Bxg2 23. Rc7 Bxe5 24. dxe5 Bf3+
25. Kf1 Rd5 26. Rxe7 (26. Rxa7 Rfd8 $15) 26... Nc6 27. Rc7 Nxe5 28. Rxa7 $11)
22... Rc6 $2 (22... Bxa2 23. Rxa7 Nc6 (23... Bd5 24. Ne5 Bxg2 25. Rxe7 $14) 24.
Rc7 Nxd4+ 25. Nxd4 Bxd4 26. Rxe7 Bxe3 27. fxe3 Rf7 $11) 23. Bb7 $1 (23. R7xc6
Nxc6 24. Bc4 Nb4 $1 25. a3 Bxc4+ 26. Rxc4 Nd5 $11) 23... Bxf3+ 24. gxf3 Rxc7
25. Rxc7 Nxb7 (25... Rd8 $2 26. Be4 Bxd4 27. Rxe7 a6 28. Ra7 $16) 26. Rxb7 Rd8
27. Rxe7 Bxd4 28. Rxa7 Rd5 {/\Be3,Rh5} (28... b5 $1 29. Ra3 (29. Rb7 Bxe3 30.
fxe3 Ra8 $11) (29. Ra5 b4) 29... Bf6 30. Rb3 Rd5 $14) 29. Ra4 $1 (29. Kf1 b5
30. Rb7 Bf6 $14) 29... Bc5 30. Rc4 Kf7 (30... Rh5 $142) 31. Bxc5 $2 $138 (31.
a4 Rh5 32. h4 Ke6 $14) (31. Rh4 $1 h5 32. a4 Ke6 33. Re4+ Kf5 (33... Kd7 34. f4
$16) 34. h4 $16) 31... bxc5 $11 32. Re4 Rh5 33. h4 g5 34. hxg5 Rxg5 35. Kd3 Rg2
36. Rf4+ Ke6 37. Ke3 Rg1 38. Rh4 Ra1 39. a4 Ra3+ 40. Ke2 Ra2+ 41. Ke3 1/2-1/2

[Event "EU-Cup 10th final"]
[Site "Lyon"]
[Date "1994.11.19"]
[Round "2"]
[White "Vaisser, Anatoli"]
[Black "Mikhalevski, Victor"]
[Result "0-1"]
[WhiteElo "2575"]
[BlackElo "2530"]
[Annotator "Dorfman,J"]
[PlyCount "66"]
[EventDate "1994.11.18"]
[EventType "team-k.o."]
[EventRounds "3"]
[EventCountry "FRA"]
[SourceTitle "EXT 2020"]
[Source "ChessBase"]
[SourceDate "2019.10.17"]
[SourceVersion "1"]
[SourceVersionDate "2019.10.17"]
[SourceQuality "1"]
[WhiteTeam "Lyon-Oyonnax Echecs"]
[BlackTeam "Beer-Sheva Chess Club"]
[WhiteTeamCountry "FRA"]
[BlackTeamCountry "ISR"]

1. d4 Nf6 2. c4 g6 3. Nc3 d5 4. cxd5 Nxd5 5. e4 Nxc3 6. bxc3 Bg7 7. Nf3 c5 8.
Rb1 O-O 9. Be2 Nc6 10. d5 Ne5 11. Nxe5 Bxe5 12. Qd2 e6 13. f4 Bc7 (13... Bg7 $1
{Alterman-Tseitlin/ISL-ch/1994/1/2-1/2/}) 14. O-O (14. Bc4 {Main line}) 14...
exd5 15. exd5 Ba5 16. d6 b6 (16... Rb8) 17. Bf3 Bf5 $1 (17... Rb8 $6 18. Bb2
Bf5 19. Rbd1 {+/-}) 18. Bxa8 Bxb1 19. Bd5 (19. Bc6 Qf6 20. Bb2 Rd8 21. Rd1 Bxa2
{/\22...Bb3}) (19. Bb2 $142 {!} Qxa8 (19... Bxa2 20. Bc6 {+/-}) 20. Rxb1 {
+/- /\Rd1,d6-d7}) 19... Bf5 20. Bb2 b5 21. g4 $2 (21. Bc6 $6 c4 (21... Qb6) 22.
Qd5 Be6 23. Qxb5 Bb6+ 24. Kh1 Qxd6) (21. Ba3 $6 Qb6 $1 {/\b4,Rd8}) (21. Bf3
$142 {!}) 21... Bxg4 22. Qg2 Qxd6 23. c4 Bf5 24. Be5 Qe7 25. cxb5 c4 26. Kh1
Qc5 {/\c5->c1} 27. Be4 Bxe4 28. Qxe4 Bd2 29. Bd4 Qxb5 30. f5 c3 31. Rg1 Re8 32.
Qg2 (32. Qf3 c2 {-+}) 32... Qxf5 33. Qc6 Qe4+ 0-1

[Event "FRA-chT Top 12"]
[Site "Belfort"]
[Date "2012.06.09"]
[Round "10.1"]
[White "Riazantsev, Alexander"]
[Black "Edouard, Romain"]
[Result "0-1"]
[WhiteElo "2714"]
[BlackElo "2625"]
[Annotator "Edouard,R"]
[PlyCount "72"]
[EventDate "2012.05.31"]
[EventType "team-tourn"]
[EventRounds "11"]
[EventCountry "FRA"]
[SourceTitle "CBM 149"]
[Source "ChessBase"]
[SourceDate "2012.07.17"]
[SourceVersion "1"]
[SourceVersionDate "2012.07.17"]
[SourceQuality "1"]
[WhiteTeam "Metz Fischer"]
[BlackTeam "Chalonnais Echiquier"]
[WhiteTeamCountry "FRA"]
[BlackTeamCountry "FRA"]

1. d4 Nf6 2. c4 g6 3. Nc3 d5 4. cxd5 Nxd5 5. Bd2 Bg7 6. e4 Nxc3 7. Bxc3 O-O $5
{This move order (instead of 7...c5) doesn't change much - though sometimes
Black can play without ...c5.} 8. Qd2 c5 (8... b6 9. h4 $6 (9. Nf3 Bb7 10. Bd3
{should be more serious!}) 9... Bb7 10. f3 e5 11. d5 c6 12. Bc4 cxd5 13. Bxd5
Bxd5 14. exd5 Na6 {0-1 (57) Riazantsev,A (2688)-Nepomniachtchi,I (2711)
Khanty-Mansiysk RUS 2011}) 9. d5 Bxc3 10. bxc3 Qd6 $5 {My favourite option
here, and also the most tactical.} (10... Nd7 11. Nf3 Qc7 12. Bd3 Nf6 13. h3 e5
{followed by ...Ne8 was played in Mamedyarov-Vachier Lagrave (2010) but it is
never so easy to say if Black is fine or not in that kind of position.}) 11. f4
$5 $146 {A novetly that I expected, played instantly by my opponent.} (11. Nf3
Bg4 12. Ng5 (12. Ng1 {1/2-1/2 (14) Arutinian,D (2564)-Kasimdzhanov,R (2685)
Konya TUR 2011}) 12... f6 $5 $146 (12... h6 13. h3 hxg5 14. hxg4 Qe5 15. Bd3
Qf6 {happened in one of my games in 2011 but I guess after} 16. O-O-O $1 $146 {
followed by g3 Black's position is very dangerous.}) 13. h3 fxg5 14. hxg4 Qe5
$13) 11... Nd7 $5 {A strange but very interesting concept, which my opponent
seemed not to know.} (11... e6 12. Bc4 exd5 13. Bxd5 {is a bit better for
White, since Black has to lose time moving his queen because of the Bxf7+
threat.}) 12. e5 Qc7 13. h4 {The most logical move in my opinion. Black wants
to go ...c4 followed by ...Rd8, ...Nb6/...b5 putting a strong pressure out of
the d5-pawn. White has no positional way to refute it, so a kingside attack is
simply logical.} (13. Nf3 c4 14. Qd4 b5 15. a4 Qa5 $132) (13. a4 c4 $132 {
followed by ...Rd8.}) (13. Qd3 $6 f6 $36) ({Of course the main idea of the
position is that} 13. c4 {is not possible because of} Nxe5 $1 14. d6 exd6 15.
fxe5 dxe5 $15) 13... c4 14. h5 Nb6 15. Nf3 Bg4 {Till now everything was kind
of forced.} 16. hxg6 (16. Ng5 Rad8 (16... f6 $5) 17. Nxh7 $2 {doesn't work:}
Kxh7 (17... Rxd5 $5) 18. hxg6+ (18. Be2 Rxd5 19. Qe3 f5 $1 20. exf6 Bxh5 21. g4
Rxf6 22. gxh5 Qxf4 23. hxg6+ Kxg6 $19) 18... Kg7 19. Rh7+ (19. d6 Qc5 $19)
19... Kxg6 20. Rh4 f5 21. exf6 Bc8 $19) 16... fxg6 17. Ng5 {The most logical
move.} (17. Rh4 $5 Bxf3 (17... h5 $5) 18. gxf3 Rad8 19. Bh3 Nxd5 20. Be6+ Kg7
21. Bxd5 Qa5 22. Rd1 (22. O-O-O Rf5 $1 {followed by ...e6 holds.}) (22. f5 Rxd5
23. Qh6+ Kf7 24. Qxh7+ Ke8 25. Rxc4 Rxe5+ $36) 22... Rf5 $1 {followed by ...e6
is OK for Black, since} 23. Qh2 h5 $1 24. Be4 Qxc3+ 25. Ke2 Qb2+ {is a draw.})
17... Rad8 $1 (17... Qc5 {might also be an option.}) 18. d6 $8 ({It is funny
to notice that after} 18. Rxh7 $4 Nxd5 {Houdini immediatly gives +7 for Black!}
) 18... exd6 19. Rxh7 Qc5 {Now Black is attacking!} 20. Rh6 $1 {With 4 minutes
against 90 minutes, my opponent finds only moves according to my preparation!}
(20. e6 $6 Rde8 21. Rh6 Rf6 22. Qd4 $8 Qxd4 23. cxd4 Bxe6 $15) 20... dxe5 21.
Rxg6+ Kh8 22. Nf7+ Kh7 23. Rh6+ $4 {For the first time of the game, my
opponent played "a tempo" and missed the drawing idea.} (23. f5 $1 Rxd2 24.
Ng5+ Kh8 25. Rh6+ Kg8 26. Rg6+ {with perpetual check (22.f5 also works).})
23... Kg7 {Now the game is over.} 24. Nxd8 Rxd8 25. Rh4 Rxd2 26. Rxg4+ Kf8 27.
Kxd2 Qf2+ (27... Nd5 {also works.}) 28. Be2 Nd5 29. Rh1 Qe3+ 30. Ke1 Qxc3+ 31.
Kf2 Qe3+ 32. Ke1 Nxf4 ({Of course} 32... Nc3 {also works since White has no
perpetual check.}) 33. Rh8+ Kf7 34. Rxf4+ exf4 35. Rh7+ Kf6 36. Rxb7 c3 0-1

[Event "Interzonal-16"]
[Site "Biel"]
[Date "1993.??.??"]
[Round "12"]
[White "Epishin, Vladimir"]
[Black "Sokolov, Ivan"]
[Result "1-0"]
[WhiteElo "2655"]
[BlackElo "2640"]
[Annotator "Epishin,V"]
[PlyCount "135"]
[EventDate "1993.07.16"]
[EventType "swiss"]
[EventRounds "13"]
[EventCountry "SUI"]
[SourceTitle "CBM 037"]
[Source "ChessBase"]
[SourceDate "1993.12.01"]
[SourceVersion "1"]
[SourceVersionDate "1993.12.01"]
[SourceQuality "1"]

1. d4 Nf6 2. c4 g6 3. Nc3 d5 4. cxd5 Nxd5 5. e4 Nxc3 6. bxc3 Bg7 7. Be3 c5 8.
Qd2 Qa5 9. Rb1 b6 10. Bb5+ Bd7 11. Be2 Bc6 $6 12. Bd3 $14 O-O 13. Ne2 $1 (13.
Nf3 Nd7 14. Rc1 e6 15. Bh6 Rfc8 $13) 13... e6 14. h4 Nd7 15. h5 (15. f3 h5 $8
16. Kf2 (16. e5 $5 $16)) 15... Nf6 $1 $8 16. f3 (16. hxg6 Nxe4 $1 (16... fxg6
17. f3 $14) 17. Bxe4 Bxe4 18. gxh7+ Kh8 19. Bh6 Bxh6 20. Qxh6 f6 21. Rc1 cxd4
$13) 16... Nxh5 17. g4 Nf6 18. Bh6 Bh8 $1 $8 (18... cxd4 19. Bxg7 Kxg7 20. Qh6+
Kg8 21. Rb5 $3 Bxb5 22. e5 $18) 19. Bxf8 Rxf8 20. Rh3 Bg7 21. e5 (21. g5 $5 Nh5
22. e5 {/\ f4+/=}) 21... Nd5 22. f4 f6 23. exf6 $2 (23. Rc1 $5 $14) 23... Nxf6
24. g5 $8 Nd5 25. Bc4 $1 b5 $1 (25... Rd8 26. Bb3 $14) 26. Bxd5 Bxd5 27. dxc5
Rc8 $6 $138 (27... a6 {/\ Qc7, Rf7, Bf8=/+}) 28. Qe3 a6 29. Rd1 Qxa2 30. Rh2 $1
Qc4 31. Qh3 Qe4 32. Rd3 $3 {/\ Re3, Qh7, Re5, f5} Kf7 33. Re3 Qf5 $2 (33...
Qb1+ 34. Kf2 Rh8 $1 $14) 34. Qxh7 Rxc5 35. Re5 Qb1+ 36. Kf2 Qa2 (36... Kf8 37.
Rh6 $18) (36... Rc4 37. f5 gxf5 38. Rh6 $18) (36... Rc8 37. f5 {/\ Rh6+-}) 37.
f5 exf5 $8 38. Rh6 $2 $138 (38. Re7+ Kxe7 39. Qxg7+ Kd6 40. Rh8 $18) 38... Rc6
39. Rxg6 Rxg6 40. Rxf5+ Ke7 41. Qxg6 Bxc3 $1 42. Qb6 $1 Be1+ $2 (42... Bc4 $8
43. Qe3+ Kd7 44. g6 $16) 43. Kf1 (43. Kxe1 $2 Qb1+ $10) 43... Be6 $8 (43...
Bg2+ 44. Kg1 Qxe2 45. Qc7+ $18) 44. Qc5+ Kd7 45. Qd4+ $138 Ke7 46. Qf6+ Kd7 47.
Qg7+ Kd6 48. Rf3 Qb1 (48... Ba5 49. Rd3+ {/\ Nd4+-}) 49. Qd4+ Ke7 50. Kg2 Qa2
51. Re3 Bd2 52. Qg7+ Ke8 53. Qh8+ Kd7 54. Rd3+ Bd5+ 55. Kf2 Ba5 56. Qg7+ Kc6
57. Qf6+ Kb7 58. Qe7+ Kc6 59. Qe8+ Kd6 60. g6 $18 Bb6+ 61. Kg3 Bc7 62. g7 Qa1
63. Qg6+ $1 Ke7+ 64. Kf2 Bc4 65. Re3+ Kd7 66. Qe8+ Kd6 67. Qe7+ Kc6 68. Re6+ $1
1-0

[Event "Olympiad-34"]
[Site "Istanbul"]
[Date "2000.11.07"]
[Round "10.1"]
[White "Lesiege, Alexandre"]
[Black "Fernandes, Antonio ETG"]
[Result "1/2-1/2"]
[WhiteElo "2584"]
[BlackElo "2438"]
[Annotator "Ernst,T"]
[PlyCount "120"]
[EventDate "2000.10.28"]
[EventType "team-swiss"]
[EventRounds "14"]
[EventCountry "TUR"]
[SourceTitle "EXT 2001"]
[Source "ChessBase"]
[SourceDate "2000.11.22"]
[SourceVersion "1"]
[SourceVersionDate "2000.11.22"]
[SourceQuality "1"]
[WhiteTeam "Canada"]
[BlackTeam "Portugal"]
[WhiteTeamCountry "CAN"]
[BlackTeamCountry "POR"]

1. d4 Nf6 2. c4 g6 3. Nc3 d5 4. cxd5 Nxd5 5. e4 Nxc3 6. bxc3 c5 7. Nf3 Bg7 8.
Rb1 O-O 9. Be2 Nc6 10. d5 Bxc3+ 11. Bd2 Bxd2+ 12. Qxd2 Nd4 13. Nxd4 cxd4 14.
Qxd4 Qa5+ 15. Qd2 Qxd2+ 16. Kxd2 Rd8 17. Ke3 $1 {Kasparov-Natsis/Malta(ol)/
1980/} Kf8 18. Rhc1 Ke8 $5 {An ingeneous defence plan.} 19. Kd4 b6 20. Rc7 Bd7
21. Ba6 Bc8 22. Bb5+ Bd7 23. Kc4 f5 24. f3 Bxb5+ 25. Kxb5 Rd7 26. Rbc1 fxe4 27.
fxe4 Kd8 28. R7c6 $2 (28. Rxd7+ Kxd7 29. Ka6 Rf8 30. Rc2 Rf4 31. Re2 $16) 28...
Rb7 29. Ka6 Rab8 30. Rf1 Ke8 31. a4 b5 $1 32. Rc8+ Rxc8 33. Kxb7 Rc5 34. a5 b4
35. a6 Kd7 36. Kxa7 Rb5 $1 {Cuts off the white king.} 37. e5 b3 38. Rb1 b2 39.
Ka8 g5 40. g4 Rb3 41. Ka7 Kc7 42. Ka8 Rb8+ (42... h6 $1 43. Ka7 Rb4 44. Ka8
Rb8+ 45. Ka7 Kc8 46. d6 exd6 47. exd6 Rb3 48. Ka8 Kd7 49. a7 Rb4 50. h3 $1 $15
(50. h4 $2 gxh4 51. g5 hxg5 52. Rxb2 Ra4 $17)) 43. Ka7 Kc8 44. d6 exd6 45. exd6
Rb5 46. Ka8 Kd7 47. a7 Rb4 48. h4 gxh4 49. g5 h3 50. g6 h2 51. gxh7 Rh4 52. Rh1
Rxh7 53. Kb8 b1=Q+ 54. Rxb1 Rh8+ 55. Kb7 h1=B+ 56. Rxh1 Rxh1 57. a8=Q Rb1+ 58.
Ka7 Ra1+ 59. Kb8 Rxa8+ 60. Kxa8 Kxd6 1/2-1/2

[Event "URS-ch58"]
[Site "Moscow"]
[Date "1991.??.??"]
[Round "1"]
[White "Ibragimov, Ildar"]
[Black "Krasenkow, Michal"]
[Result "1/2-1/2"]
[WhiteElo "2485"]
[BlackElo "2550"]
[Annotator "Ernst,T"]
[PlyCount "100"]
[EventDate "1991.11.??"]
[EventType "swiss"]
[EventRounds "11"]
[EventCountry "URS"]
[SourceTitle "URS-ch"]
[Source "ChessBase"]
[SourceDate "1999.07.01"]
[SourceVersion "1"]
[SourceVersionDate "1999.07.01"]
[SourceQuality "1"]

1. d4 Nf6 2. c4 g6 3. Nc3 d5 4. cxd5 Nxd5 5. e4 Nxc3 6. bxc3 Bg7 7. Be3 c5 8.
Qd2 Qa5 9. Rb1 a6 10. Rc1 cxd4 11. cxd4 Qxd2+ 12. Kxd2 O-O 13. Nf3 e6 14. Be2 (
14. Bd3 Nc6 15. Rc4 f5 16. Ke2 Bd7 17. Rhc1 Rfc8 18. d5 exd5 19. exd5 Ne5 $10 {
Deze - Smelkal, Novi Sad 1982.}) 14... f5 15. exf5 gxf5 16. g3 Nc6 17. Rhd1 Bd7
18. Ke1 Rfc8 19. Ng5 Nb4 20. Bc4 Nd5 $10 21. Bxd5 exd5 22. Rc5 h6 23. Nh3 Rxc5
24. dxc5 Bc3+ 25. Kf1 Bb5+ 26. Kg1 d4 $1 {Schwarz verlässt sich auf sein
Läuferpaar und opfert ruhig den Bauern h6.} 27. Bxh6 Rd8 28. Bg5 Re8 $44 29.
Nf4 Re1+ 30. Rxe1 Bxe1 31. Ng2 Bb4 32. Nh4 d3 33. Nf3 Bxc5 34. Bd2 Bc4 35. a4
b5 36. Ne5 Bd6 37. f4 $1 Bc5+ 38. Kf1 Bd4 39. Nc6 Bc5 40. Ne5 Kg7 41. Ke1 Bd4
42. Nc6 Bc5 43. a5 Kh6 44. Bb4 Bd5 45. Bxc5 Bxc6 46. Kd2 $10 Be4 47. Ke3 Kh5
48. h3 Bg2 49. h4 (49. Kxd3 Bxh3 50. Kc3 $10) 49... Bf1 50. Bb4 Kg4 1/2-1/2

[Event "Dos Hermanas"]
[Site "Dos Hermanas"]
[Date "1994.??.??"]
[Round "3"]
[White "Rivas Pastor, Manuel"]
[Black "Epishin, Vladimir"]
[Result "0-1"]
[WhiteElo "2505"]
[BlackElo "2675"]
[Annotator "Ernst,T"]
[PlyCount "82"]
[EventDate "1994.04.??"]
[EventType "tourn"]
[EventRounds "9"]
[EventCountry "ESP"]
[EventCategory "16"]
[SourceTitle "CBM 041"]
[Source "ChessBase"]
[SourceDate "1994.08.01"]
[SourceVersion "1"]
[SourceVersionDate "1994.08.01"]
[SourceQuality "1"]

1. d4 Nf6 2. Nf3 g6 3. c4 Bg7 4. Nc3 d5 5. cxd5 Nxd5 6. e4 Nxc3 7. bxc3 c5 8.
Be3 Qa5 9. Qd2 O-O 10. Rb1 (10. Rc1) 10... b6 (10... Nd7 11. Bd3 b6 12. O-O Ba6
13. Bxa6 Qxa6 14. Bh6 $14 {Rivas-Wittmann, Tesalónica 1984}) (10... Nc6 $5 11.
Rb5 cxd4 12. Rxa5 dxe3 13. Qxe3 Nxa5 {Vaganian-Ceskovski, Erevín 1982}) 11. Bd3
Nc6 $17 {Adorjan} 12. e5 Rd8 13. Rb5 (13. O-O $2 cxd4 14. cxd4 Qxd2 $19) 13...
Qa4 14. Rb2 (14. O-O Ba6 15. Rb2 Bxd3 16. Qxd3 cxd4 17. cxd4 Nxe5 18. Nxe5 Bxe5
$19) 14... Ba6 15. Bxa6 Qxa6 16. Qe2 Qa4 17. O-O cxd4 18. cxd4 Rac8 19. h4 h5 {
[#]} 20. e6 $2 f5 $1 21. Rd2 Bxd4 22. Bg5 Bc5 $19 23. Rfd1 Qe4 24. Kf1 (24.
Rxd8+ Rxd8 25. Rxd8+ Nxd8 26. Qb5 Qc6) 24... Rxd2 25. Rxd2 Qxe2+ 26. Kxe2 Nd8
27. Rd7 Nxe6 28. Rxa7 Nxg5 29. hxg5 Bd6 30. Kd3 Rc1 31. Nd4 Kf7 32. a4 Rd1+ 33.
Kc4 Rd2 34. Nb5 Be5 35. f3 Rxg2 36. Kd5 Bf4 37. Ra8 h4 38. Rh8 Bxg5 39. Kc6 Bf6
40. Rd8 h3 41. Kxb6 h2 0-1

[Event "Sinquefield Cup 6th"]
[Site "Saint Louis"]
[Date "2018.08.24"]
[Round "6"]
[White "Mamedyarov, Shakhriyar"]
[Black "Vachier Lagrave, Maxime"]
[Result "1/2-1/2"]
[WhiteElo "2801"]
[BlackElo "2779"]
[Annotator "Fernandez,D"]
[PlyCount "87"]
[EventDate "2018.08.18"]
[EventType "tourn"]
[EventRounds "9"]
[EventCountry "USA"]
[EventCategory "22"]
[SourceTitle "CBM 186"]
[Source "ChessBase"]
[SourceDate "2018.09.14"]
[SourceVersion "1"]
[SourceVersionDate "2018.09.14"]
[SourceQuality "1"]

1. d4 Nf6 2. c4 g6 3. Nc3 d5 4. cxd5 Nxd5 5. e4 Nxc3 6. bxc3 Bg7 7. Qa4+ {
The 5th most common move, ranking just below the obscure 7.Bb5+ and just above
the fresh-looking (if logical) 7.Bg5.} (7. Be3) (7. Bc4) (7. Nf3) 7... Qd7 ({
After the most natural sequence of moves,} 7... Nd7 8. Nf3 O-O 9. Be2 c5 {
it becomes clear that White's one and only purpose in playing Qa4+ was to
remove the possibility of ...Nc6. Considering that in similar positions Black
occasionally volunteers to play with ...Nd7, ...e6 and ...b6, this is not such
a massive gain. For instance:} 10. O-O b6 11. Rd1 Qc7 12. Bg5 Nf6 $11 {
Shengelia,D-Schreiner,P Feldkirch 2013}) 8. Bb5 {It is amazing how many
weird-looking moves people can get away with in the name of modern chess.} c6
9. Bd3 O-O 10. Nf3 c5 {The acid test of White's setup. If this gives Black a
comfortable game, then Qa4+ can't possibly pose any sort of problem, practical
or otherwise.} 11. Qxd7 (11. Bb5 Qg4 12. O-O {is a vaguely interesting gambit,
but it shouldn't be too hard for Black to think of a clever way to take and
then give back the pawn. Alternatively there is} Bd7 $5 13. Ba3 (13. h3 Bxb5
14. Qxb5 Qxe4 15. Qxc5 e6 $11) 13... a6 $1 14. Bxd7 Qxd7 15. Qb3 cxd4 16. cxd4
Nc6 $11) 11... Bxd7 12. Rb1 b6 13. Be3 Rd8 14. O-O Ba4 {This makes White think
a little bit about ...Nc6 and the d4-pawn, but the bishop is loose here, which
allows White to play upon a little motif with his next move.} 15. Rfc1 e6 {
A high-class waiting move.} (15... Nc6 16. Ba6 $5 {must have been the
intention, but even this doesn't necessarily bring an advantage, after for
instance the wily} Na5 (16... cxd4 $2 17. cxd4 Nxd4 $4 18. Bxd4 Bxd4 19. Rc4
$18) 17. dxc5 Bc6 $132) 16. h3 {A waiting move in reply. Black cannot
realistically hold off developing his queenside for too long, so he chooses
the better square for his knight.} Nd7 (16... Nc6 17. Ba6) 17. Ba6 (17. d5 $5 {
Surprisingly, despite Black's ...e6, this move is a serious try for an
advantage.} exd5 18. exd5 Nf6 $5 (18... c4 {is not bad, but my impression is
that there isn't quite enough.}) 19. c4 b5 20. Bg5 a6 $132) 17... Bc6 18. Nd2
Nb8 {A very solid move and one which reminds White about the weak d4-pawn.} 19.
Bb5 Bxb5 20. Rxb5 Na6 21. e5 {The beginning of a mini-slide. This move in the
Grünfeld almost always comes with an evaluation of 0.8 or -0.1, and it is
very rarely clear which; however, here it is reasonably clear that the latter
holds because White has no attack.} (21. Nf3 Rac8 22. Rbb1 cxd4 23. cxd4 Bf8
$11) 21... Nc7 22. Rbb1 Nd5 23. Bg5 Rd7 (23... Rdb8 $5 {An engine move, which
nevertheless makes great positional sense; Black wants ...cxd4 and ...b5.}) (
23... f6 {vacuums off the pieces most efficiently:} 24. exf6 Bxf6 25. Ne4 Bxg5
26. Nxg5 Nf4 27. Re1 cxd4 28. cxd4 Rxd4 29. Nxe6 Nxe6 30. Rxe6 Rad8 $11) 24.
Ne4 h6 25. Bd2 cxd4 (25... g5 $5 $15) 26. cxd4 Rad8 27. g4 $6 {This move
creates a small weakness on h3, which White may regret next move.} ({To me, it
is most natural to double on the c-file and try and trade a pair of rooks:} 27.
Rc4 $11) 27... g5 28. Rc4 Nf4 $1 29. Bxf4 gxf4 30. Rbb4 $6 (30. Nd6 Bf8 $15)
30... f3 $6 {Letting go the main part of the advantage. Black had extremely
good winning chances following an alternative.} (30... a5 $1 31. Rxb6 Rxd4 32.
Rxd4 ({After} 32. Rd6 Rxc4 33. Rxd8+ Kh7 34. Nd6 Rc7 $17 {wins a pawn, and
despite the fearsome reputation of the rook+knight combination it will be
difficult to manufacture enough compensation.}) 32... Rxd4 33. f3 Rd1+ 34. Kf2
Ra1 $1 $17 {Black is dominating.}) 31. Nf6+ Bxf6 32. exf6 Kh7 (32... h5 $5 33.
gxh5 Kh7 34. Rb3 Rxd4 35. Rxd4 Rxd4 36. Rxf3 Kh6 $15 {White's pawns are much
weaker, but it's not totally clear how much this will count for.}) 33. Kh2 Kg6
34. Kg3 Rd6 $11 {With this move, Black signals that his winning attempt is
over, and invites the cleaning-up operation.} 35. Rc7 Rxd4 36. Rxd4 Rxd4 37.
Rxa7 Kxf6 38. Rb7 Ra4 39. Rxb6 Rxa2 40. Kxf3 Ra3+ 41. Kg2 Ra2 42. Kf3 Ra3+ 43.
Kg2 Ra2 44. Kf3 1/2-1/2